Seguridad Alimentaria, reforma agraria y transgénicos
Guardado en:
| Formato: | Texto |
|---|---|
| Materias: | |
| Etiquetas: |
Agregar Etiqueta
Sin Etiquetas, Sea el primero en etiquetar este registro!
|
MARC
| LEADER | 00000 a a2200000 04500 | ||
|---|---|---|---|
| 001 | 1893 | ||
| 003 | |||
| 040 | |||
| 245 | |a Seguridad Alimentaria, reforma agraria y transgénicos | ||
| 650 | |a REFORMA AGRARIA | ||
| 650 | |a SEGURIDAD ALIMENTARIA | ||
| 773 | |g número 61; páginas 3-5 | ||
| 999 | |c 24802 |d 24802 | ||
